|
|
|
|
| LEADER |
00000cam a22000004a 4500 |
| 001 |
musev2_28356 |
| 003 |
MdBmJHUP |
| 005 |
20230905043013.0 |
| 006 |
m o d |
| 007 |
cr||||||||nn|n |
| 008 |
130717s2014 hu o 00 0 eng d |
| 020 |
|
|
|a 9789630879415
|
| 020 |
|
|
|z 9789630879408
|
| 035 |
|
|
|a (OCoLC)875725519
|
| 040 |
|
|
|a MdBmJHUP
|c MdBmJHUP
|
| 100 |
1 |
|
|a Klaić, Dragan.
|
| 245 |
1 |
0 |
|a Festivals in Focus /
|c Dragan Klaic.
|
| 264 |
|
1 |
|a Budapest :
|b Budapest Observatory,
|c 2014.
|
| 264 |
|
3 |
|a Baltimore, Md. :
|b Project MUSE,
|c 2014
|
| 264 |
|
4 |
|c ©2014.
|
| 300 |
|
|
|a 1 online resource (144 pages).
|
| 336 |
|
|
|a text
|b txt
|2 rdacontent
|
| 337 |
|
|
|a computer
|b c
|2 rdamedia
|
| 338 |
|
|
|a online resource
|b cr
|2 rdacarrier
|
| 500 |
|
|
|a Includes index.
|
| 505 |
0 |
|
|a Cover ; Title page ; Copyright page ; Contents; Introduction; Festivals in Focus; 1) Historical perspective; 2) Facets of festivals; 3) Programming Strategies; 4) The Space of Festivals; Memories to Dragan Klaic; Kulturträger Dragan Klaic; Dragan Klaic's legacy: Europe as a never ending conversation; Dragan Klaic 1950-2011: A reflection; The Future of European Festivals; List of European Festival Research Programme Workshops; Index of names; Notes on Contributors; Back cover.
|
| 588 |
|
|
|a Description based on print version record.
|
| 650 |
|
7 |
|a Festivals.
|2 fast
|0 (OCoLC)fst00923329
|
| 650 |
|
7 |
|a Civilization.
|2 fast
|0 (OCoLC)fst00862898
|
| 650 |
|
7 |
|a RELIGION
|x Reference.
|2 bisacsh
|
| 650 |
|
0 |
|a Festivals
|z Hungary
|z Budapest.
|
| 651 |
|
7 |
|a Hungary
|z Budapest.
|2 fast
|0 (OCoLC)fst01206109
|
| 651 |
|
0 |
|a Budapest (Hungary)
|x Civilization.
|
| 655 |
|
7 |
|a Electronic books.
|2 local
|
| 710 |
2 |
|
|a Project Muse.
|e distributor
|
| 830 |
|
0 |
|a Book collections on Project MUSE.
|
| 856 |
4 |
0 |
|z Texto completo
|u https://projectmuse.uam.elogim.com/book/28356/
|
| 945 |
|
|
|a Project MUSE - Custom Collection
|
| 945 |
|
|
|a Project MUSE - 2014 Complete
|
| 945 |
|
|
|a Project MUSE - 2014 Global Cultural Studies
|